01290nam a22002057i 4500003000900000008004100009020002200050040007100072082003100143100006200174245005200236260007500288300002900363500004000392505042600432650005500858650008100913650006800994856002201062AR-CdUCM240503b20222022 pe||||| |||| 00| 0 spa d a978-612-48588-1-9 aMUNICIPALIDAD PROVINCIAL DEL CUSCOcBIBLIOTECA MUNICIPAL DEL CUSCO 22ª Ed.a353.37 / C7PbC7P aComisión Nacional para el Desarrollo y Vida sin Drogas. aPolítica Nacional contra las drogas al 2030 / aLima:bComisión Nacional para el Desarrollo y Vida sin Drogas,c2022 a178 páginas. :c30 cm. zBibliografía: páginas 168 -178  aNormativa peruana sobre la lucha contra las drogas -- Proceso de elaboración de la Política Nacional contra las drogas al 2030 -- Conceptos clave del problema público sobre las drogas -- Áreas afectadas por la presencia de cultivos ilícitos, 2020 -- Prevalencia anual del consumo de drogas en población escolar secundaria, según grupo de edad, 2017 -- Alternativas de solución seleccionadas y priorizadas  aNormativa peruana sobre la lucha contra las drogas aProceso de elaboración de la Política Nacional contra las drogas al 2030 aÁreas afectadas por la presencia de cultivos ilícitos, 2020 fwww.gob.pe/devida